| 000 | 00886nam a2200241Ia 4500 | ||
|---|---|---|---|
| 003 | GCL | ||
| 005 | 20240530102744.0 | ||
| 008 | 140319s9999 xx 000 0 ara d | ||
| 040 |
_aGCL / _cGCL |
||
| 082 | 0 | 4 |
_a962.08 _bق/هـ م |
| 100 | 1 | _aالهيئة المصرية العامة للكتاب | |
| 245 | 1 | 0 |
_aمبارك وطوفان من الحب / _cالهيئة المصرية العامة للكتاب |
| 260 |
_aالقاهرة : _bالهيئة المصرية العامة للكتاب ، _c1995 |
||
| 300 |
_a362 ص ؛ _c30 سم |
||
| 650 | 0 | 4 | _aالعالم العربى |
| 650 | 0 | 4 | _aالاغتيال |
| 650 | 0 | 4 | _aالاحوال السياسية |
| 650 | 0 | 4 | _aالجرائم السياسية |
| 650 | 0 | 4 | _aمصر - تاريخ |
| 650 | 0 | 4 | _aمصر - تاريخ - العصر الحديث (1805 - 1956 ) |
| 650 | 0 | 4 | _aمحمد حسنى مبارك |
| 942 |
_2ddc _cBK |
||
| 999 |
_c34456 _d34456 |
||